Libro de Buen Amor (Registro nro. 193)

Detalles MARC
000 -CABECERA
Longitud fija campo de control 00505nam a2200205 i 4500
001 - NÚMERO DE CONTROL
Número de control 00000000132703
003 - IDENTIFICADOR DELl NÚMERO DE CONTROL
Identificador del número de control OSt
005 - FECHA Y HORA DE LA ÚLTIMA TRANSACCIÓN
Fecha y hora de la última transacción 20130430153217.0
008 - CÓDIGOS DE INFORMACIÓN DE LONGITUD FIJA
Códigos de información de longitud fija 020226s1978 esp046 g 1i spa d
020 ## - NÚMERO INTERNACIONAL NORMALIZADO PARA LIBROS
Número Internacional Normalizado para Libros (ISBN) 84-239-0098-3
040 ## - FUENTE DE LA CATALOGACIÓN
Centro transcriptor BMC
082 ## - NÚMERO DE LA CLASIFICACIÓN DECIMAL DEWEY
Númeroo de clasificación 861.1
100 ## - PUNTO DE ACCESO PRINCIPAL-NOMBRE DE PERSONA
9 (RLIN) 200
Nombre de persona Ruiz, Juan
Títulos y otros términos asociados al nombre Arcipreste de Hita
245 10 - MENCIÓN DE TÍTULO
Título Libro de Buen Amor
Mención de responsabilidad, etc. Arcipreste de Hita
250 ## - MENCIÓN DE EDICIÓN
Mención de edición 15ª ed
260 ## - PUBLICACIÓN, DISTRIBUCIÓN, ETC. (PIE DE IMPRENTA)
Lugar de publicación, distribución, etc. Madrid
Nombre del editor, distribuidor, etc. Espasa-Calpe
Fecha de publicación, distribución, etc. 1978
300 ## - DESCRIPCIÓN FÍSICA
Extensión 162 p.
Otras características físicas 18 cm
490 ## - MENCIÓN DE SERIE
Mención de serie Austral
Designación de volumen o secuencia 98
942 ## - ENTRADA DE ELEMENTOS AGREGADOS (KOHA)
Fuente de clasificaión o esquema Dewey Decimal Classification
Koha [por defecto] tipo de item 1- Monografias
Existencias
Suprimido Perdido Fuente de clasificación o esquema Estropeado Restricciones de uso No para préstamo Código de colección Localización permanente Localización actual Localización en estanter&íacute;as Fecha adquisición Fuente de adquisición Número de inventario Préstamos totales Signatura completa Código de barras Fecha última consulta Coste, precio reemplazado Fecha del precio de reemplazo Tipo de item de Koha
NULL NULL Dewey Decimal Classification NULL Prestable NULL NULL Biblioteca Miguel de Cervantes - UNICAES Biblioteca Miguel de Cervantes - UNICAES Sala Principal 18/04/2013 Donación - Marco René Revelo 000186   P RUI lib 1000186 18/04/2013 18.00 18/04/2013 1- Monografias